LEADER 01925oam 2200469Ia 450 001 9910703067303321 005 20230902162127.0 035 $a(CKB)4330000002020544 035 $a(OCoLC)656302781 035 $a(EXLCZ)994330000002020544 100 $a20100816d2010 ua 0 101 0 $aeng 135 $aurmn||||||||| 181 $ctxt$2rdacontent 182 $cc$2rdamedia 183 $acr$2rdacarrier 200 00$aWind energy-related atmospheric boundary layer large-eddy simulation using OpenFOAM$b[electronic resource] $epreprint /$fM.J. Churchfield ... [and others] 210 1$aGolden, CO :$cNational Renewable Energy Laboratory,$d[2010] 215 $a1 online resource (23 pages) $cdigital, PDF file 225 1 $aNREL/CP ;$v500-48905 300 $aTitle from title screen (viewed Aug. 16, 2010). 300 $a"August 2010." 300 $a"Presented at 19th Symposium on Boundary Layers and Turbulence, Keystone, Colorado, August 2-6, 2010." 320 $aIncludes bibliographical references (pages 21-23). 410 0$aConference paper (National Renewable Energy Laboratory (U.S.)) ;$vNREL/CP-500-48905. 517 $aWind Energy-Related Atmospheric Boundary Layer Large-Eddy Simulation Using OpenFOAM 606 $aWind power$xResearch 606 $aBoundary layer (Meteorology) 606 $aAtmospheric circulation$xComputer simulation 615 0$aWind power$xResearch. 615 0$aBoundary layer (Meteorology) 615 0$aAtmospheric circulation$xComputer simulation. 701 $aChurchfield$b Matthew J$01390412 712 02$aNational Renewable Energy Laboratory (U.S.) 712 12$aSymposium on Boundary Layers and Turbulence. 801 0$bSOE 801 1$bSOE 801 2$bGPO 906 $aBOOK 912 $a9910703067303321 996 $aWind energy-related atmospheric boundary layer large-eddy simulation using OpenFOAM$93506711 997 $aUNINA LEADER 01131nam0 22002771i 450 001 UON00412156 005 20231205104745.344 100 $a20121019d1963 |0itac50 ba 101 $ager 102 $aDE 105 $a|||| ||||| 200 1 $aˆDas ‰Faustbuch nach der Wolfenbüttler Handschrift$fherausgegeben von H. G. Haile 210 $a[Berlin]$cErich Schmidt Verlag$dc1963 215 $a180 p.$d21 cm. 410 1$1001UON00175371$12001 $aPhilologische Studien und Quellen$1210 $aBerlin$cSchmidt.$v14 606 $aLetteratura tedesca antica$3UONC078793$2FI 620 $aDE$dBerlin$3UONL003157 676 $a830.3$cLetteratura tedesca. 1350-1517$v21 702 1$aHAILE$bH. G.$3UONV210760 712 $aSchmidt$3UONV266260$4650 801 $aIT$bSOL$c20251003$gRICA 899 $aSIBA - SISTEMA BIBLIOTECARIO DI ATENEO$2UONSI 912 $aUON00412156 950 $aSIBA - SISTEMA BIBLIOTECARIO DI ATENEO$dSI TED 19 I HAI 1 $eSI ST 1555 5 1 $sBuono 996 $aFaustbuch nach der Wolfenbüttler Handschrift$91343556 997 $aUNIOR